Rock in the musical theatre (Registro nro. 324064)
[ vista simple ]
| 000 -ENCABEZADO | |
|---|---|
| Número de control [NR] | 01727nam a22002657a 4500 |
| 005 - FECHA Y HORA DE LA ÚLTIMA TRANSACCIÓN | |
| control field | 20240402073749.0 |
| 008 - DE LONGITUD FIJA DE DATOS DE ELEMENTOS - INFORMACIÓN GENERAL | |
| Elementos de longitud fija [NR] | 240402b ||||| |||| 00| 0 eng d |
| 020 ## - NUMERO INTERNACIONAL NORMALIZADO PARA LIBROS [R] | |
| Número Internacional Normalizado del libro [NR] | 9780190943462 |
| 020 ## - NUMERO INTERNACIONAL NORMALIZADO PARA LIBROS [R] | |
| Número Internacional Normalizado del libro [NR] | 0190943467 |
| 020 ## - NUMERO INTERNACIONAL NORMALIZADO PARA LIBROS [R] | |
| Número Internacional Normalizado del libro [NR] | 9780190943479 |
| 020 ## - NUMERO INTERNACIONAL NORMALIZADO PARA LIBROS [R] | |
| Número Internacional Normalizado del libro [NR] | 0190943475 |
| 040 ## - FUENTE DE CATALOGACION [NR] | |
| Agencia de catalogación original [NR] | CO-BoUCM |
| Quien Cataloga | David Moreno |
| Quien Clasifica | David Moreno |
| 041 ## - CODIGO DE IDIOMA [R] | |
| Código de idioma para texto/pista de sonido o título separado [R] | Inglés |
| 100 1# - ASIENTO PRINCIPAL--NOMBRE PERSONAL [NR] | |
| Nombre personal [NR] | Church, Joseph |
| Fechas asociadas con el nombre [NR] | 1957- |
| ID Autoridad | 180398 |
| 245 ## - MENCION DE TITULO [NR] | |
| Título [NR] | Rock in the musical theatre |
| Parte restante del título [NR] | a guide for singers |
| Mención de responsabilidad, etc. [NR] | Joseph Church |
| 260 ## - PUBLICACION, DISTRIBUCION, ETC. (PIE DE IMPRENTA) [R] | |
| Lugar de publicación, distribución, etc. [R] | New York, NY |
| Nombre del editor, distribuidor, etc. [R] | Oxford University Press |
| Fecha de publicación, distribución, etc. [R] | 2019 |
| 300 ## - DESCRIPCION FISICA [R] | |
| Extensión [R] | xvii, 197 Paginas |
| Otros detalles físicos [NR] | ilustraciones |
| 504 ## - NOTA DE BIBLIOGRAFIA, ETC. [R] | |
| Nota de bibliografía, etc. [NR] | Incluye referencias bibliográficas e índices |
| 505 ## - NOTA DE CONTENIDO CON FORMATO PREESTABLECIDO [R] | |
| Mención de responsabilidad [R] | Introduction -- Part I : History, aesthetics, and literature. Background and rock aesthetics ; Popular song vs. theatre song -- Part II. Theory and technique. Acting values in rock theatre songs ; Musical values in rock theatre songs ; Singing rock : vocal production and vocalism ; Rock songs : a selective, annotated survey -- Part III. Process-Coaching sessions. Little shop of horrors : "Suddenly Seymour" ; Rent : "Take me or leave me" ; School of rock : "When I climb to the top of Mount Rock" ; Dreamgirls : "I am changing" ; The lion king : "Endless night" ; Beautiful : "Will you love me tomorrow" ; Kinky boots : "The history of wrong guys" ; Tommy : "Pinball wizard" and Spring awakening : "The bitch of living" ; Bare : a pop opera : "Plain Jane fat ass" and "All grown up". -- Appendix. |
| 650 14 - ASIENTO SECUNDARIO DE MATERIA - TERMINO TEMATICO [R] | |
| Término temático o nombre geográfico como elemento de entrada [NR] | Teatro musical |
| Subdivisión general [R] | Instrucción y estudio |
| 9 (RLIN) | 176549 |
| 650 14 - ASIENTO SECUNDARIO DE MATERIA - TERMINO TEMATICO [R] | |
| Término temático o nombre geográfico como elemento de entrada [NR] | Canto |
| Subdivisión general [R] | Instrucción y estudio |
| 9 (RLIN) | 180298 |
| 650 14 - ASIENTO SECUNDARIO DE MATERIA - TERMINO TEMATICO [R] | |
| Término temático o nombre geográfico como elemento de entrada [NR] | Música rock |
| Subdivisión general [R] | Instrucción y estudio |
| 9 (RLIN) | 180399 |
| 942 ## - ELEMENTOS DE ENTRADA AGREGADOS (KOHA) | |
| Sistema de clasificación | DEWEY |
| Tema principal | Arte |
| Tipo de ítem principal el descrito en 300a | Libro |
| Edición | 1 |
| Clasificación | 782.1 |
| Parte restante de la signatura top. | C561r |
| Título oculto en OPAC | No |
| Fecha de último préstamo | Total préstamos | Signatura topográfica | Código de barras | Última vez visto | Ejemplar | Price effective from | Tipo de ítem | Nota pública (OPAC) | Perdido | Sistema de clasificación | Dañado | No prestable | Tipo de ítem específico | Suprimido | Ubicación habitual | Ubicación actual | Localización | Fecha de creación | Forma de adquisición | Costo |
|---|---|---|---|---|---|---|---|---|---|---|---|---|---|---|---|---|---|---|---|---|
| 09/04/2024 | 2 | 782.1 C561r | 100172460 | 05/02/2026 | Ej.1 | 02/04/2024 | Libro | Spot Teatro Musical | DEWEY | Libro | Sede del emprendimiento y la innovación | Sede del Emprendimiento, Innovación y Creación | 1er piso | 02/04/2024 | Compra | 76208.00 |